Score 0/14 Timer 04:00
0 Plays Today
% Correct
cattle
66.7%
brows
64.6%
eyes
59.4%
wailing
57.3%
shine
56.3%
monstrous
55.2%
dusk
54.2%
% Correct
rattle
53.1%
mourning
43.8%
patter
42.7%
shires
42.7%
prayers
39.6%
candles
37.5%
tenderness
32.3%
Remove Ads.
Support Sporcle.
Get the best of Sporcle when you Go Orange. This ad-free experience offers more features, more stats, and more fun while also helping to support Sporcle. Thank you for becoming a member.

You're not logged in!

Compare scores with friends on all Sporcle quizzes.
OR
Log In

Sporcle TV

Today on Sporcle TV


Watch our educational content, quiz creation guides, and fun videos on Sporcle TV.

Show Comments

Extras

Top Quizzes Today


Score Distribution

Paid Content

Your Account Isn't Verified!

In order to create a playlist on Sporcle, you need to verify the email address you used during registration. Go to your Sporcle Settings to finish the process.

Report this User

Report this user for behavior that violates our Community Guidelines.

Details: